NLSUI OPAC header image

Law and Policy Relating to Sex Selection (Record no. 111195)

MARC details
000 -LEADER
fixed length control field 00914nam a2200193Ia 4500
003 - CONTROL NUMBER IDENTIFIER
control field OSt
005 - DATE AND TIME OF LATEST TRANSACTION
control field 20251124170315.0
008 - FIXED-LENGTH DATA ELEMENTS--GENERAL INFORMATION
fixed length control field 210518s2008 xx 000 0 und d
040 ## - CATALOGING SOURCE
Transcribing agency nls
100 ## - MAIN ENTRY--PERSONAL NAME
Personal name Sarasu Esther Thomas
245 ## - TITLE STATEMENT
Title Law and Policy Relating to Sex Selection
260 ## - PUBLICATION, DISTRIBUTION, ETC.
Place of publication, distribution, etc. Bangalore
Name of publisher, distributor, etc. NLSIU
Date of publication, distribution, etc. 2008
300 ## - PHYSICAL DESCRIPTION
Extent 204p
505 ## - FORMATTED CONTENTS NOTE
Formatted contents note TABLE OF CONTENTS<br/>Introduction & Methodology;<br/>The Preconception & Prenatal Diagnostic Techniques Act;<br/>Population;<br/>Infanticide;<br/>Abortion & Sex Selection;<br/>New Reproductive Technologies and Sex Selection;<br/>Sex Selective Abortion and Violence Against Women;<br/>Karnataka;<br/>Conclusions;<br/>Bibliography;<br/>Annexures.<br/>
520 ## - SUMMARY, ETC.
Summary, etc. Infanticide
-- Prenatal Diagnostic Techniques
-- Sex Selective Abortion - Karnataka
-- Violance Against Women - Karnataka
700 ## - ADDED ENTRY--PERSONAL NAME
Personal name Dr. V Nagaraj - Guide
856 ## - ELECTRONIC LOCATION AND ACCESS
Uniform Resource Identifier <a href="https://dans.nls.ac.in/handle/123456789/347">https://dans.nls.ac.in/handle/123456789/347</a>
942 ## - ADDED ENTRY ELEMENTS (KOHA)
Source of classification or shelving scheme Dewey Decimal Classification
Koha item type Thesis
Holdings
Withdrawn status Lost status Damaged status Not for loan Home library Current library Shelving location Date acquired Total Checkouts Barcode Date last seen Price effective from Koha item type
        . .   21.05.2018   PhD029 21.05.2018 21.05.2018 Thesis